Analýza základových konštrukcií výškovej budovy

Na minha lista:
Detalhes bibliográficos
Autor principal: Húsvéth, Ján (Author)
Outros Autores: Jendželovský, Norbert (Thesis advisor)
Formato: Manuscrito Livro
Idioma:eslovaco
Publicado em: 2019
Assuntos:
Acesso em linha:http://is.stuba.sk/zp/portal_zp.pl?podrobnosti=144645
https://opac.crzp.sk/?fn=detailBiblioForm&sid=9F8942B94996237AA9FC1EF666DC
Tags: Adicionar Tag
Sem tags, seja o primeiro a adicionar uma tag!

MARC

LEADER 00000ntm a22000003a 4500
001 stuzp73360
003 SK-STU
005 20230531104045.4
007 ta
008 150427s2015----xo-----f-mn---000-0-slo-d
040 |a STU  |b slo 
041 0 |a slo 
100 1 |a Húsvéth, Ján  |u 010250  |k Z4  |4 aut  |U SvF Stavebná fakulta  |T SvF Katedra stavebnej mechaniky  |X 75596  |U V250  |Y 26  |7 75596 
242 0 1 |a Analysis of foundation structures of the height building  |y eng 
245 1 0 |a Analýza základových konštrukcií výškovej budovy 
260 |c 2019 
650 4 |a Pasternak  |2 slo 
650 4 |a Winkler  |2 slo 
650 4 |a ranné trhliny  |2 slo 
650 4 |a zakladanie  |2 slo 
650 4 |a základy  |2 slo 
650 4 |a model podložia  |2 slo 
650 4 |a výšková budova  |2 slo 
650 4 |a analýza  |2 slo 
650 4 |a Pasternak  |2 eng 
650 4 |a Winkler  |2 eng 
650 4 |a Soilin  |2 eng 
650 4 |a structure  |2 eng 
650 4 |a high building  |2 eng 
700 1 |a Jendželovský, Norbert  |u 010250  |k Z1  |4 ths  |U SvF Stavebná fakulta  |T SvF Katedra stavebnej mechaniky  |X 880  |U V250  |Y 26  |7 A000000880 
856 4 |u http://is.stuba.sk/zp/portal_zp.pl?podrobnosti=144645 
856 4 |u https://opac.crzp.sk/?fn=detailBiblioForm&sid=9F8942B94996237AA9FC1EF666DC